Statistics for Addams Family Characters

Click here to take the quiz!

General Stats

  • This quiz has been taken 4,507 times
  • The average score is 6 of 8

Answer Stats

Hint Family Member % Correct
DaughterWednesday
90%
MotherMorticia
88%
UncleFester
82%
CousinItt
82%
FatherGomez
81%
The HandThing
69%
SonPugsley
68%
ButlerLurch
67%

Score Distribution

Percentile by Number Answered

Percent of People with Each Score

Your Score History

You have not taken this quiz